Examining writing: research and practice in assessing second language writing
Wedi'i Gadw mewn:
| Prif Awduron: | , |
|---|---|
| Fformat: | Llyfr |
| Iaith: | Saesneg |
| Cyhoeddwyd: |
Cambridge
Cambridge University Press
2007
|
| Rhifyn: | 1a. ed |
| Cyfres: | Studies in Language Testing, 26
|
| Pynciau: | |
| Tagiau: |
Ychwanegu Tag
Dim Tagiau, Byddwch y cyntaf i dagio'r cofnod hwn!
|
MARC
| LEADER | 00000cam a2200000 a 4500 | ||
|---|---|---|---|
| 001 | UCE9828 | ||
| 003 | CL-VaPUC | ||
| 008 | 151106e20070000uk |||||||||||||||||eng|d | ||
| 020 | |a 9780521692939 | ||
| 082 | 0 | 4 | |a 418.0071 |b SHA |2 21 |
| 100 | 0 | |a Shaw, Stuart D |e author |9 582781 | |
| 700 | 0 | |a Weir, Cyril J |e author |9 582782 | |
| 245 | 1 | 0 | |a Examining writing: research and practice in assessing second language writing |
| 250 | |a 1a. ed | ||
| 300 | |a 344 p | ||
| 942 | |c BK | ||
| 945 | |d 20151106 14:16:00 |a arojas | ||
| 260 | |a Cambridge |b Cambridge University Press |c 2007 | ||
| 650 | 0 | |a Lenguaje y lenguas |9 265846 | |
| 650 | 0 | |a Segunda lengua |9 556822 | |
| 650 | 0 | |a Retórica |9 266620 | |
| 650 | 0 | |a Escritura |9 264941 | |
| 583 | |a last modification |c 20151106 14:16:00 |k Rodrigo Vera | ||
| 490 | 0 | |a Studies in Language Testing, 26 | |
| 999 | |c 361471 |d 361469 | ||
| 952 | |0 0 |1 0 |3 erd |4 0 |6 418_007100000000000_SHA_2007 |7 0 |8 A |9 472031 |a BIBEDU |b BIBEDU |c ES_NOD |i 5247136 |o 418.0071 SHA 2007 |p 5247136 |r 2023-08-09 |w 2019-11-24 |y BK |z Catalogado en:20151106 |k LIT | ||
| 952 | |0 0 |1 0 |3 erb |4 0 |6 418_007100000000000_SHA_2007 |7 0 |8 A |9 472032 |a BIBEDU |b BIBEDU |c ES_NOD |i 5427185 |o 418.0071 SHA 2007 |p 5427185 |r 2023-08-09 |w 2019-11-24 |y BK |z Catalogado en:20171006 |k LIT | ||